| 000 | 00505nam a22001697a 4500 | ||
|---|---|---|---|
| 003 | OSt | ||
| 005 | 20221116100221.0 | ||
| 008 | 221116b |||||||| |||| 00| 0 eng d | ||
| 040 | _cSBCL | ||
| 082 |
_a894.8123 _bDEV-A |
||
| 100 | _aDevi, Prameela | ||
| 245 | _aAnne Frankinte Diarykkurippukal | ||
| 260 |
_aKottayam _bDC Books _c2002 |
||
| 300 | _a208 | ||
| 650 |
_2 Literature & rhetoric _a Literatures of other languages _v Altaic, Uralic, Hyperborean & Dravidian _xMalayalam Literature |
||
| 942 | _cBOOK | ||
| 999 |
_c135039 _d135039 |
||